000 00818nam a2200193 i 4500
001 182138
003 ES-MaACL
005 20230906221534.0
008 130619s1972 sp |||| | spa d
080 _a972"1540/1810"
100 1 _aCalderón Quijano, José Antonio.
_933626
245 1 4 _aLos virreyes de Nueva España en el reinado de Carlos IV
_b: estudio preliminar /
_cJosé Antonio Calderón Quijano.
260 _aSevilla :
_bEscuela de Estudios Hispanoamericanos,
_c1972.
300 _a30 p. ;
_c24 cm.
595 _aTirada aparte del tomo I de la obra "Los virreyes de Nueva España en el reinado de Carlos IV" dirigida por José Antonio Calderón Quijano.
650 4 _aVirreyes-
_zMéxico.
_9152923
651 4 _aMéxico-
_xHistoria-
_y1521-1821, Época colonial.
_9158070
852 _aES-MaACL
_j2190-F-28
999 _c182138
_d182138